Les joueurs du PSG en Ligue des Champions 2022/23. - Statistiques

Statistiques générales
  • Ce quiz a été pris 23 fois
  • Le résultat moyen est 16 sur 21
Statistiques - réponses
Pays Ages Joueurs Minutes G+A Notes % Correct
France 23 Kylian Mbappé 653 10 7.53
100%
Argentine 35 Lionel Messi 615 8 7.93
100%
Italie 29 Marco Verratti 625 1 7.04
100%
Brésil 28 Marquinhos 655 0 6.78
100%
Brésil 30 Neymar 540 5 7.45
100%
Maroc 23 Achraf Hakimi 580 2 6.55
95%
Espagne 36 Sergio Ramos 720 0 7.00
95%
Portugal 22 Vitinha 590 0 6.78
95%
Espagne 25 Carlos Soler 155 1 6.93
91%
Portugal 20 Nuno Mendes 441 1 6.82
91%
Portugal 30 Danilo Pereira 451 0 6.92
86%
Espagne 26 Fabian Ruiz 237 0 6.69
86%
Italie 23 Gianluigi Donnarumma 720 0 6.88
77%
Espagne 29 Juan Bernat 276 1 6.72
68%
Espagne 30 Pablo Sarabia 92 0 6.77
64%
France 26 Presnel Kimpembe 146 0 6.60
59%
France 16 Warren Zaïre-emery 82 0 6.60
59%
France 20 Huko Ekitiké 58 0 6.43
36%
Portugal 24 Renato Sanches 140 0 6.65
36%
France 24 Nordi Mukiele 109 0 6.63
32%
France 17 El Chadaille Bitshiabu 45 0 6.50
27%
Aucun quiz correspondant
Distribution des résultats
% des personnes avec chaque résultat
Percentile par nombre de réponses
Votre historique - résultats
Vous n’avez pas pris ce quiz